000 00470nam a2200181Ia 4500
001 8845
005 20260306160640.0
008 260306t2014||||xx |||||||||||||| ||spa||
041 _aESP
082 _a371.4
_bW56
100 _aWilcock, Angie
_eAUT
245 0 _aDe la primaria a la secundaria:
_bcómo apoyar a los estudiantes en la transición
260 _c2014
300 _a130 páginas :
_c21 cm.
650 _aGEN
654 _aCED
942 _cLIB
_dJUS
_fJUS
_2ddc
_n
999 _c8845
_d8845